|
|
|
|
| LEADER |
01583nam a22004091i 4500 |
| 001 |
EBC1581736 |
| 003 |
MiAaPQ |
| 005 |
20200520144314.0 |
| 006 |
m o d | |
| 007 |
cr cnu|||||||| |
| 008 |
021008s2003 nyua ob 001 0 eng d |
| 020 |
|
|
|z 9780415934855
|
| 020 |
|
|
|a 9781315023564
|q (electronic bk.)
|
| 035 |
|
|
|a (MiAaPQ)EBC1581736
|
| 035 |
|
|
|a (Au-PeEL)EBL1581736
|
| 035 |
|
|
|a (CaPaEBR)ebr10823733
|
| 035 |
|
|
|a (CaONFJC)MIL552773
|
| 035 |
|
|
|a (OCoLC)869092355
|
| 040 |
|
|
|a MiAaPQ
|b eng
|e rda
|e pn
|c MiAaPQ
|d MiAaPQ
|
| 043 |
|
|
|a a-ii---
|
| 050 |
|
4 |
|a HB97.5
|b .C453 2003
|
| 100 |
1 |
|
|a Chakrabarti, Anjan.
|
| 245 |
1 |
0 |
|a Transition and development in India /
|c Anjan Chakrabarti and Stephen Cullenberg.
|
| 264 |
|
1 |
|a New York :
|b Routledge,
|c 2003.
|
| 300 |
|
|
|a 1 online resource (385 pages) :
|b illustrations
|
| 336 |
|
|
|a text
|2 rdacontent
|
| 337 |
|
|
|a computer
|2 rdamedia
|
| 338 |
|
|
|a online resource
|2 rdacarrier
|
| 504 |
|
|
|a Includes bibliographical references (pages 347-360) and index.
|
| 588 |
|
|
|a Description based on online resource; title from PDF title page (ebrary, viewed January 18, 2014).
|
| 590 |
|
|
|a Electronic reproduction. Ann Arbor, MI : ProQuest, 2015. Available via World Wide Web. Access may be limited to ProQuest affiliated libraries.
|
| 650 |
|
0 |
|a Marxian economics
|z India.
|
| 651 |
|
0 |
|a India
|x Economic conditions
|y 1947-
|
| 655 |
|
4 |
|a Electronic books.
|
| 700 |
1 |
|
|a Cullenberg, Stephen.
|
| 797 |
2 |
|
|a ProQuest (Firm)
|
| 856 |
4 |
0 |
|u https://ebookcentral.proquest.com/lib/matrademy/detail.action?docID=1581736
|z Click to View
|